000 01191naa a22003257a 4500
001 BR7405440
003 BR-BrBNA
005 20240918173621.0
007 ta
008 230509b bl.||||| |||| 00| 0 por d
040 _aBR-BrBNA
_bpor
_cBiblioteca Nacional de Agricultura
041 _a(pt)
072 _aL30
_b6100
090 _aL30 BR7405440
100 1 _aHall, G.A.B.
100 1 _aStiles, D.A.
100 1 _aPeischel, a.
111 1 _a11. Reuniao da Sociedade Brasileira de Zootecnia
_cFortaleza, CE (Brazil)
_d22 Jul 1974
245 1 _aEfeito de nivel de acido tanico em racao para aves [Pinto; Ganho de peso]
260 3 _aFortaleza, CE (Brasil):
_bUniversidade Federal do Ceara,
_c1974.
500 _aAnais da 11. Reuniao da Sociedade Brasileira de Zootecnia Fortaleza, CE (Brasil): Universidade Federal do Ceara, 1974. p. 172 (BR7405440-AM)L30
650 _aNutricao animal
650 _aPinto
650 _aRacao
650 _aGanho de peso
650 _aAcido tanico
773 0 _tAnais da 11. Reuniao da Sociedade Brasileira de Zootecnia
_wL30 BR7405440
_gFortaleza, CE (Brasil), 1974. p. 172
909 _a202404
_bLucia
_c55
_dLucia Elande
942 _cAM
_2AGRIS
999 _c305776
_d305776